00752nam a2200217Ia 450000500170000000800410001704000190005804100120007708200130008910000180010224501310012026000390025130000160029050400500030665000190035670000270037585000100040294200070041299900160041995200990043520230118103918.0131103s9999 xx 000 0 und d aLoreto College aEnglish a954bSIN aSinger,Milton aWhen a great tradition modernizesb an anthropological approch to Indian Civilization cMilton Singer,foreward by M.N.Srinivas aNew YorkbPraeger Publishersc1972 axiv,430 p.  aIncludes bibliographical references and index aIndian History aSrinivas,M.N.,foreword aLCLIB cBK c8965d59444 00102ddc4070aMAINbMAINd2013-11-04l0o954 SIN 24090pB8841r2013-11-04w2013-11-04yBKf